| 000 | 02000cam a2200457 a 4500 | ||
|---|---|---|---|
| 001 | 8562 | ||
| 003 | FISKH | ||
| 005 | 20260116114618.0 | ||
| 008 | 071030s2009 nyua j 000 0 eng | ||
| 010 | _a 2007037439 | ||
| 020 | _a9781416941354 | ||
| 020 | _a9781416941354 | ||
| 020 | _a1416941355 | ||
| 035 | _a15063754 | ||
| 035 | _a(OCoLC)180190738 | ||
| 040 |
_aDLC _cDLC _dBTCTA _dDLC _beng |
||
| 050 | 0 | 0 |
_aPS3569.C5748 _bB54 2009 |
| 082 | 0 | 0 |
_a811/.54 _222 |
| 100 | 1 | _aScieszka, Jon. | |
| 245 | 1 | 0 |
_aTruckery rhymes / _cwritten by Jon Scieszka ; characters and environments developed by the Design Garage--David Shannon, Loren Long, David Gordon. |
| 260 |
_aNew York : _bSimon & Schuster Books for Young Readers, _c2009. |
||
| 300 |
_a57 pages : _bcolor illustrations ; _c32 cm |
||
| 490 | 1 | _aJon Scieszka's Trucktown | |
| 505 | _aG | ||
| 520 | _aFor generations, Trucks have been sharing these beloved tales, rowdy rhymes, and honk-along songs. Finally these classics have been gathered into one big, noisy, high-octane collection! All the favorite truckery rhymes are here, from "Peter Peter Payload Eater" to "Little Dan Dumper", all the way to "Pop! Blows the Diesel." | ||
| 521 | 8 |
_a350
_bLexile estimate |
|
| 521 | 8 |
_aG
_bRaz-Plus |
|
| 650 | 0 | _aChildren's poetry, American. | |
| 650 | 0 | _aNursery rhymes, American. | |
| 650 | 0 |
_aTrucks _vJuvenile poetry. |
|
| 655 | 7 |
_aPoetry. _2lcgft _0https://id.loc.gov/authorities/genreForms/gf2014026481 |
|
| 700 | 1 |
_aGordon, David, _d1965 January 22- _eillustrator |
|
| 700 | 1 |
_aShannon, David, _d1959- _eillustrator |
|
| 700 | 1 |
_aLong, Loren, _eillustrator |
|
| 830 | 0 | _aJon Scieszka's Trucktown. | |
| 856 | 4 | 2 |
_3Contributor biographical information _uhttp://www.loc.gov/catdir/enhancements/fy0902/2007037439-b.html |
| 856 | 4 | 2 |
_3Publisher description _uhttp://www.loc.gov/catdir/enhancements/fy0913/2007037439-d.html |
| 906 |
_a7 _bcbc _corignew _d1 _eecip _f20 _gy-gencatlg |
||
| 942 |
_2ddc _cBK _n0 |
||
| 999 |
_c8562 _d8562 |
||